Watford FC 25/26 Squad - Statistics

General Stats
  • This quiz has been taken 22 times
    5 since last reset
  • The average score is 3 of 42
Answer Stats
# Position Nation Answer % Correct
1 GK Norway Egil Selvik
100%
2 DF DRC Jeremy Ngakia
100%
25 DF Ireland James Abankwah
50%
15 DF Croatia Antonio Tikvic
0%
26 DF USA Caleb Wiley
0%
- GK Austria Daniel Bachmann
0%
15 MF Italy Edoardo Bove
0%
39 MF DRC Edo Kayembe
0%
- Coach England Edward Still
0%
27 DF Senegal Formose Mendy
0%
8 MF Georgia Giorgi Chakvetadze
0%
5 MF Cyprus Hector Kyprianou
0%
10 MF Morocco Imran Louza
0%
22 DF England James Morris
0%
- Coach Spain Javi Gracia
0%
29 DF France Jeremy Petris
0%
- DF Portugal Joao Ferreira
0%
- FW Colombia Jorge Cabezas Hurtado
0%
4 DF Cameroon Kévin Keben
0%
34 FW German Kwadwo Baah
0%
9 FW Denmark Luca Kjerrumgaard
0%
20 FW Mali Mamadou Doumbia
0%
16 DF England Marc Bola
0%
6 DF England Mattie Pollock
0%
3 DF England Max Alleyne
0%
17 MF France Moussa Sissoko
0%
23 MF Senegal Nampalys Mendy
0%
12 GK England Nathan Baxter
0%
66 FW Australia Nestory Irankunda
0%
- FW Georgia Nikoloz Chikovani
0%
42 FW Morocco Othmane Maamma
0%
- Coach Uruguay Paulo Pezzolano
0%
14 MF Belgium Pierre Dwomoh
0%
17 MF France Pierre Ekwah
0%
11 FW Ireland Rocco Vata
0%
- DF England Ryan Andrews
0%
5 DF Scotland Ryan Porteous
0%
3 DF Georgia Saba Goglichidze
0%
21 DF England Stephen Mfuni
0%
24 MF Nigeria Tom Dele-Bashiru
0%
7 MF England Tom Ince
0%
18 FW Portugal Vivaldo Semedo
0%
No matching quizzes found
Score Distribution
Percent of People with Each Score
Percentile by Number Answered
Your Score History
You have not taken this quiz since the last reset